书目信息 |
| 题名: |
伊索寓言
|
|
| 作者: | 刘杨 主编 | |
| 分册: | ||
| 出版信息: | 长春 东北师范大学出版社 2009.04 |
|
| 页数: | 156页 | |
| 开本: | 20cm | |
| 丛书名: | ||
| 单 册: | ||
| 中图分类: | G634.303 | |
| 科图分类: | ||
| 主题词: | 教育--各级 | |
| 电子资源: | ||
| ISBN: | 7-5602-5627-9 | |
| 000 | 00556nam0 2200193 450 | |
| 001 | 2637354006 | |
| 005 | 20260414102439.44 | |
| 010 | @a7-5602-5627-9@dCNY64.80 | |
| 100 | @a20260414d2009 km y0chiy0120 ea | |
| 101 | 0 | @achi |
| 102 | @aCN@b220000 | |
| 200 | 1 | @a伊索寓言@AYi Suo Yu Yan@f刘杨主编@FLiu Yang Zhu Bian |
| 210 | @a长春@c东北师范大学出版社@d2009.04 | |
| 215 | @a156页@d20cm | |
| 606 | 0 | @a教育@x各级 |
| 690 | @aG634.303@v4 | |
| 701 | 0 | @a刘杨@ALiu Yang@4主编 |
| 801 | 0 | @aCN@b大连网信软件有限公司图书馆·11@c20260414 |
| 905 | @aZUCC@dG634.303@e5880 | |
| 伊索寓言/刘杨主编.-长春:东北师范大学出版社,2009.04 |
| 156页;20cm |
| ISBN 7-5602-5627-9:CNY64.80 |
| ● |
| 相关链接 |
|
|
|
|
正题名:伊索寓言
索取号:G634.303/5880
 
预约/预借
| 序号 | 登录号 | 条形码 | 馆藏地/架位号 | 状态 | 备注 |
| 1 | 1442607 | 214426076 | 第一样本阅览室/ [索取号:G634.303/5880] | 在馆 |